000 01832cam a22004574i 4500
003 PE-LiUPU
005 20250731165602.0
008 150625s r 000 0 d
035 _a(Sirsi) a38620
040 _aPE-LiUPU
_bspa
_cPE-LiUPU
_erda
082 0 4 _a070.435
_bB23
_221
100 1 _aBarraza Soto, Gerardo,
_eautor.
245 1 0 _aAgencias de noticias :
_bperiodismo con precisión y rapidez /
_cGerardo Barraza Soto.
264 1 _aLima :
_bEditora Perú,
_c2006.
300 _a231 páginas :
_bilustraciones ;
_c20 cm.
336 _atext
_2rdacontent
337 _aunmediated
_2rdamedia
338 _avolume
_2rdacarrier
505 0 _aLas agencias de noticias. -El nacimiento de las agencias de noticias. -Andina, la voz multiple. Andina, la voz de los peruanos. -Agencias internacionales.: Camino recorrido. -Coloquio impacto, evolución y financiamiento de las agencias de noticias. -Primer Congreso Mundial de Agencias de Noticias.
526 _aSEG44
526 _aSEG26
526 _aP151
526 _aP150
526 _aP149
526 _aP146
526 _aP145
526 _aP126
526 _aP125
526 _aP92
526 _aP75
526 _aP74
526 _aP27
526 _aP15
610 2 _aAgencia de noticias Andina.
910 _bjv
_cng
_d20080305
942 _2ddc
_cBOOK
949 _a070.435 B23
_wDEWEY
_c1
_i57938
_lCCODEBUL1
_mBUL
_p8.00
_r0
_sY
_tBOOK
_u2015-06-25
_xBIBLIOTECA
_zUNKNOWN
_0COMPRA
_o.STAFF. Colección General
596 _a1
999 _a070.435 B23
_wDEWEY
_c46924
_i57938
_d46924
_f2021-11-30
_g5
_lCCODEBUL1
_mBUL
_p8.00
_q2
_r0
_sY
_tBOOK
_u2015-6-25
_xEDUCACION
_zUNKNOWN
_0COMPRA
_o.STAFF. Colección General
980 _81
_gALBERTO SANCHEZ Responsable de Automatización